000 00557nam a2200181Ia 4500
003 OSt
005 20240405103802.0
008 210210b1953 xxu||||| |||| 00| 0 eng d
040 _cAL
041 _aKannada
082 _a858/206
100 _aSHIVARAMA KARANTA
_993632
_d ಶಿವರಾಮ ಕಾರಂತ
245 _aShri Ramakrashnara jIvana charite
_bಶ್ರೀ ರಾಮಕೃಷ್ಣರ ಜೀವನ ಚರಿತೆ
260 _aMangaluru
_bShri Ramakrashnashrama
_c1953
690 _aBiography
_993633
906 _a020749
942 _2ddc
_cBK
999 _c144903
_d144903